On My Own : (Record no. 15498)
[ view plain ]
| 000 -LEADER | |
|---|---|
| fixed length control field | 01666cam a22003254a 4500 |
| 001 - CONTROL NUMBER | |
| control field | 14428053 |
| 005 - DATE AND TIME OF LATEST TRANSACTION | |
| control field | 20080415150536.0 |
| 008 - FIXED-LENGTH DATA ELEMENTS--GENERAL INFORMATION | |
| fixed length control field | 060626t2008 nyu |rb 001 0 eng |
| 010 ## - LIBRARY OF CONGRESS CONTROL NUMBER | |
| LC control number | 2006021213 |
| 020 ## - INTERNATIONAL STANDARD BOOK NUMBER | |
| International Standard Book Number | 1400098114 |
| 020 ## - INTERNATIONAL STANDARD BOOK NUMBER | |
| International Standard Book Number | 9781400098118 |
| 040 ## - CATALOGING SOURCE | |
| Original cataloging agency | DLC |
| Transcribing agency | DLC |
| Modifying agency | DLC |
| 042 ## - AUTHENTICATION CODE | |
| Authentication code | pcc |
| 050 00 - LIBRARY OF CONGRESS CALL NUMBER | |
| Classification number | HQ800.2 |
| Item number | .F35 2007 |
| 082 00 - DEWEY DECIMAL CLASSIFICATION NUMBER | |
| Classification number | 305.4890652 |
| Edition number | 22 |
| Item number | FAL |
| 100 1# - MAIN ENTRY--PERSONAL NAME | |
| Personal name | Falk, Florence Arlene. |
| 9 (RLIN) | 24541 |
| 245 10 - TITLE STATEMENT | |
| Title | On My Own : |
| Remainder of title | The Art of Being a Woman Alone / |
| Statement of responsibility, etc | Florence Falk. |
| 260 ## - PUBLICATION, DISTRIBUTION, ETC. (IMPRINT) | |
| Place of publication, distribution, etc | New York : |
| Name of publisher, distributor, etc | Three Rivers Press, 2008 |
| Date of publication, distribution, etc | 2008 |
| 300 ## - PHYSICAL DESCRIPTION | |
| Extent | ix, 295 p. ; |
| Dimensions | 25 cm. |
| 500 ## - GENERAL NOTE | |
| General note | If I am a woman alone, who am I? -- What is aloneness? -- Shame-in-hiding : a woman's cultural heritage -- The awakening : childhood -- The hall of mirrors : adolescence and young adulthood -- Befriending aloneness -- Stepping out -- Reaping the harvest : solitude, the sacred, and the rediscovery of the self -- Aloneness and relationship. |
| 504 ## - BIBLIOGRAPHY, ETC. NOTE | |
| Bibliography, etc | Includes bibliographical references and index. |
| 650 #0 - SUBJECT ADDED ENTRY--TOPICAL TERM | |
| Topical term or geographic name as entry element | Single women |
| General subdivision | Psychology. |
| 9 (RLIN) | 24542 |
| 650 #0 - SUBJECT ADDED ENTRY--TOPICAL TERM | |
| Topical term or geographic name as entry element | Single women |
| General subdivision | Attitudes. |
| 9 (RLIN) | 24543 |
| 650 #0 - SUBJECT ADDED ENTRY--TOPICAL TERM | |
| Topical term or geographic name as entry element | Man-woman relationships. |
| 9 (RLIN) | 24544 |
| 653 ## - INDEX TERM--UNCONTROLLED | |
| Resource For college | |
| Arrived date list | June2011 |
| 856 41 - ELECTRONIC LOCATION AND ACCESS | |
| Materials specified | Table of contents only |
| Uniform Resource Identifier | <a href="http://www.loc.gov/catdir/toc/ecip0616/2006021213.html">http://www.loc.gov/catdir/toc/ecip0616/2006021213.html</a> |
| 942 ## - ADDED ENTRY ELEMENTS (KOHA) | |
| Source of classification or shelving scheme | Dewey Decimal Classification |
| Item type | Book - Borrowing |
| Withdrawn status | Item status | Source of classification or shelving scheme | Damaged status | Not for loan | Vendor | Home library | Current library | Shelving location | Date acquired | Source of acquisition | Cost, normal purchase price | Serial Enumeration / chronology | Total Checkouts | Total Renewals | Full call number | Barcode | Date last seen | Date last borrowed | Koha item type |
|---|---|---|---|---|---|---|---|---|---|---|---|---|---|---|---|---|---|---|---|
| Dewey Decimal Classification | Baccah | Central Library | Central Library | First floor | 01/06/2011 | 107.00 | 12344 | 4 | 30 | 305.4890652 FAL | 000023973 | 15/07/2025 | 20/02/2019 | Book - Borrowing |